Word power / (Record no. 74404)

MARC details
000 -LEADER
fixed length control field 00755nam a22002417a 4500
005 - DATE AND TIME OF LATEST TRANSACTION
control field 20140821121118.0
010 ## - LCCN (DPL NO)
LC control number B-505004-014 ENG-110562
020 ## - INTERNATIONAL STANDARD BOOK NUMBER
International Standard Book Number 9780070706408
Terms of availability 350.00
035 ## - SYSTEM CONTROL NUMBER
System control number B-505004-014
035 ## - SYSTEM CONTROL NUMBER
System control number EN-94094
037 ## - SOURCE OF ACQUISITION
Source of stock number/acquisition UBH/Ven
037 ## - SOURCE OF ACQUISITION
Source of stock number/acquisition DBAD/PUB
082 ## - DEWEY DECIMAL CLASSIFICATION NUMBER
Classification number 488.1
100 ## - MAIN ENTRY--PERSONAL NAME
Personal name Kuberkar, Ranjeet
245 ## - TITLE STATEMENT
Title Word power /
Statement of responsibility, etc by Ranjeet Kuberkar [and] Amol Dhakadey
260 ## - PUBLICATION, DISTRIBUTION, ETC. (IMPRINT)
Place of publication, distribution, etc New Delhi
Name of publisher, distributor, etc Tata McGraw-Hill
Date of publication, distribution, etc 2011
270 ## - ADDRESS
Address 7 West Patel Nagar
City New Delhi
Postal code 110008
300 ## - PHYSICAL DESCRIPTION
Extent xii,605p.
Dimensions 24cm(pbk)
500 ## - GENERAL NOTE
General note Includes index
700 ## - ADDED ENTRY--PERSONAL NAME
Personal name Dhakadey, Amol
942 ## - ADDED ENTRY ELEMENTS (KOHA)
Source of classification or shelving scheme Dewey Decimal Classification
Item type English Books
Call number suffix KUB
Classification part 488.1
Holdings
Withdrawn status Lost status Not for loan Collection code Home library Current library Date acquired Source of acquisition Cost, normal purchase price Full call number Barcode Copy number Cost, replacement price Koha item type
  Written-off vide DLB M. No. 383 dt 16.05.19   Non-fiction Central Library Central Library 22/05/2013 UBH/291/19.03.2013/180/08.03.2013/20.03.2013 350.00 488.1 KUB B-505004 1 350.00 English Books
    Not For Loan Non-fiction D.B.Act.Division D.B.Act.Division 28/07/2014 DBAD/PUB 350.00 488.1 KUB EN-94094 1 350.00 English Books
      Non-fiction Janak Puri Janak Puri 22/05/2013 UBH/291/19.03.2013/180/08.03.2013/20.03.2013 350.00 488.1 KUB B-505008 1 350.00 English Books
  Written-off vide DLB M. No. 383 dt 16.05.19   Non-fiction Karol Bagh Karol Bagh 22/05/2013 UBH/291/19.03.2013/180/08.03.2013/20.03.2013 350.00 488.1 KUB B-505010 1 350.00 English Books
      Non-fiction Kasturba Gandhi Marg Kasturba Gandhi Marg 22/05/2013 UBH/291/19.03.2013/180/08.03.2013/20.03.2013 350.00 488.1 KUB B-505006 1 350.00 English Books
      Non-fiction Narela Narela 22/05/2013 UBH/291/19.03.2013/180/08.03.2013/20.03.2013 350.00 488.1 KUB B-505012 1 350.00 English Books
      Non-fiction New Rohtak Road New Rohtak Road 22/05/2013 UBH/291/19.03.2013/180/08.03.2013/20.03.2013 350.00 488.1 KUB B-505011 1 350.00 English Books
      Non-fiction Patel Nagar Patel Nagar 22/05/2013 UBH/291/19.03.2013/180/08.03.2013/20.03.2013 350.00 488.1 KUB B-505005 1 350.00 English Books
  Written-off vide DLB M. No. 383 dt 16.05.19   Non-fiction Peshwa Road Peshwa Road 22/05/2013 UBH/291/19.03.2013/180/08.03.2013/20.03.2013 350.00 488.1 KUB B-505007 1 350.00 English Books
Binding     Non-fiction Sarojini Nagar Sarojini Nagar 22/05/2013 UBH/291/19.03.2013/180/08.03.2013/20.03.2013 350.00 488.1 KUB B-505009 1 350.00 English Books
      Non-fiction Shahdara Branch Shahdara Branch 22/05/2013 UBH/291/19.03.2013/180/08.03.2013/20.03.2013 350.00 488.1 KUB B-505013 1 350.00 English Books
      Non-fiction Yojana Vihar Yojana Vihar 22/05/2013 UBH/291/19.03.2013/180/08.03.2013/20.03.2013 350.00 488.1 KUB B-505014 1 350.00 English Books

© Delhi Public Library
Hit Counter
free hit counter